St. Patrick's Day Trivia - Statistics

General Stats
  • This quiz has been taken 479 times
  • The average score is 7 of 14
Answer Stats
Question Answer % Correct
What date is St. Patrick's Day March 17th
80%
The first-ever St. Patrick’s Day Parade took place in 1762, which country was it in? United States
78%
What is the brand of the popular dark ale drank especially on St. Patrick’s day? Guinness
72%
Which restaurant chain releases a green mint flavoured milkshake seasonally? McDonalds
70%
What major Catholic holiday does St. Patrick’s Day occur during? Lent
66%
The Plumber Union in Chicago has dyed what green every year since 1962. River
65%
According to Irish lore, what animal did St. Patrick drive out of Ireland? Snakes
65%
What symbol stands for St. Patrick's Day? Shamrock
61%
Name the ferris wheel that turns green to celebrate Saint Patrick’s Day in England The London Eye
49%
St. Patrick was originally associated with what colour? Blue
48%
What is the top food eaten on St. Patrick's day? Cabbage
23%
Where was the first St. Patrick’s Day parade in Ireland held in 1903? Waterford
14%
What does the circle at the very center of a Celtic cross represent? The Sun
9%
What was St. Patrick’s name when he was born? Maewyn Succat
3%
No matching quizzes found
Score Distribution
Percent of People with Each Score
Percentile by Number Answered
Your Score History
You have not taken this quiz